| 000 | 01147nam a2200301Ia 4500 | ||
|---|---|---|---|
| 008 | 130821s2009 sp ao gr spa | ||
| 020 | _a9788498351934 | ||
| 040 |
_aCo-BoUCM _bspa |
||
| 041 | 0 | 0 | _aspa |
| 060 | 0 | 0 | _aWT 150 |
| 100 | 1 |
_aBerger, Kathleen Stassen _965615 |
|
| 245 | 1 | 0 |
_aPsicología del Desarrollo adultez y vejez _cKathleen Stassen Berger |
| 250 | _a7a ed. | ||
| 260 |
_aMadrid (España) _bMédica Panamericana _c2009 |
||
| 300 |
_axix, 273 páginas _bilustraciones, fotografías, graficas, tablas, color |
||
| 504 | _aIncluye epílogo, apendice, glosario, referencias bibliográficas e índice. | ||
| 650 | 0 | 4 |
_aAncianos _xPsicología _99040 |
| 650 | 0 | 4 |
_aEmociones en la vejez _914061 |
| 650 | 0 | 4 |
_aGeriatría _916395 |
| 650 | 0 | 4 |
_aPsicoterapia geriátrica _922886 |
| 650 | 0 | 4 |
_aPsiquiatría geriátrica _922895 |
| 700 | 1 |
_aBarni, María Cecilia _etrad. _9167731 |
|
| 700 | 1 |
_aLatrónico, Adriana _etrad. _9154543 |
|
| 700 | 1 |
_aMesher, Liliana _etrad. _9167732 |
|
| 700 | 1 |
_aScolari, Mariano _etrad. _9167733 |
|
| 765 | _tThe Developing Person. Through the Life Span | ||
| 942 |
_cLIBRO _a9 _e7 _mB496p _2NLM _hWT 150 _n0 |
||
| 999 |
_c70647 _d70647 |
||